01034nam a2200253Ia 450000500170000000800410001702000150005808200210007311000530009424501840014725000190033130000420035065000350039265000300042765000360045770000310049370000200052471000530054426400600059733600270065733700330068433800280071704000350074520220317000659.0160601s1992 ck a g 000 0 spa  a958923911004a677.028861bM87a1 aMuseo de Artes y Tradiciones Populares. Bogotá10aArtesanía, comunidad y desarrollo, memoria y futuro bCasa de la hamaca, Morroa, Sucre cMuseo de Artes y Tradiciones Populares, Asociación Colombiana de Promoción Artesanal a1a. edición  a48 páginas bilustraciones c22 cm 142LEMBaArtesanías xHistoria 142LEMBaArtesanía en tela142LEMBaArtesanías colombianas 1 aQuiceno, Pedroeilustrador1 aRincón, Sonia1 aAsociación Colombiana de Promoción Artesanal aBogotá bMuseo de Artes y Tradiciones Popularesc1992 atextobtxt2rdacontent asin mediaciónbn2rdamedia avolumenbnc2rdacarrier aCO-BoRNBPbspaerdacCO-BoRNBP